Butcher, baker, candlestick maker : skills required for effective multimedia development (Record no. 63483)

MARC details
000 -CABECERA
campo de control de longitud fija 00549nam a2200193 a 4500
005 - FECHA Y HORA DE LA ÚLTIMA TRANSACCIÓN
campo de control 20210219152912.0
008 - ELEMENTOS DE LONGITUD FIJA--INFORMACIÓN GENERAL
campo de control de longitud fija 991125n 000 0 eng u
035 ## - NÚMERO DE CONTROL DEL SISTEMA
Número de control de sistema UPN01000066419
100 ## - ASIENTO PRINCIPAL--NOMBRE PERSONAL
Nombre de persona Hon, David
222 ## - TÍTULO CLAVE
Título clave EDUCATIONAL TECHNOLOGY
245 ## - MENCIÓN DE TÍTULO
Título Butcher, baker, candlestick maker : skills required for effective multimedia development
300 ## - DESCRIPCIÓN FÍSICA
Extensión 14-19
362 ## - FECHAS DE PUBLICACIÓN Y/O DESIGNACIÓN SECUENCIAL
Fecha de publicación y/o designación secuencial 1992 32, no. 5
653 0# - TERMINO DE INDIZACION - NO CONTROLADO
Término no controlado DESARROLLO DEL MATERIAL
653 0# - TERMINO DE INDIZACION - NO CONTROLADO
Término no controlado HABILIDAD
653 0# - TERMINO DE INDIZACION - NO CONTROLADO
Término no controlado INSTRUCCION MULTIMEDIA
904 ## - ELEMENTOS DE DATOS D LOCAL, LDD (RLIN)
a AC
b 004230
905 ## - TIPO DE MATERIAL
Tipo de material Articulo

No items available.